[Event "3rd Memory of Nebesna Sotnya-2016 B"]
[Site "Lutsk, Volyn region"]
[Date "2016.02.19"]
[Round "5.4"]
[White "Soroka, Danylo"]
[Black "Razin, Vadim"]
[Result "0-1"]
[WhiteElo "2356"]
[BlackElo "2461"]
[PlyCount "38"]
[EventDate "2016.02.19"]
[EventType "swiss (blitz)"]
[EventRounds "22"]
[EventCountry "UKR"]

1. d4 d5 2. Nf3 c5 3. c4 dxc4 4. e3 e6 5. Bxc4 Nf6 6. O-O Nc6 7. Qe2 a6 8. Bb3
Qc7 9. Rd1 Be7 10. Nc3 O-O 11. d5 exd5 12. Nxd5 Nxd5 13. Bxd5 Bf6 14. a4 Bf5
15. h3 Nb4 16. Bc4 Rad8 17. Rxd8 Rxd8 18. g4 Bc2 19. g5 Bd1 0-1

[Event "3rd Memory of Nebesna Sotnya-2016 B"]
[Site "Lutsk, Volyn region"]
[Date "2016.02.19"]
[Round "5.5"]
[White "Perelygin, Igor"]
[Black "Mikhaletz, Lubomir"]
[Result "0-1"]
[WhiteElo "2318"]
[BlackElo "2439"]
[PlyCount "89"]
[EventDate "2016.02.19"]
[EventType "swiss (blitz)"]
[EventRounds "22"]
[EventCountry "UKR"]

1. e4 Nc6 2. Nf3 d6 3. Bc4 Nf6 4. Qe2 Bg4 5. c3 Bxf3 6. Qxf3 Ne5 7. Qe2 Nxc4 8.
Qxc4 c6 9. O-O e6 10. Qe2 d5 11. d3 Be7 12. Bg5 O-O 13. Nd2 Nd7 14. Bxe7 Qxe7
15. e5 f6 16. exf6 Qxf6 17. d4 e5 18. dxe5 Nxe5 19. f4 Nd7 20. Rae1 Qf7 21. Qe6
Rae8 22. Qxf7+ Kxf7 23. Kf2 Nc5 24. Kf3 Rxe1 25. Rxe1 Nd3 26. Rb1 Re8 27. Nf1
Re1 28. Rxe1 Nxe1+ 29. Ke2 Nxg2 30. Kf3 Nh4+ 31. Kg4 Ng6 32. h4 h5+ 33. Kg5 Nf8
34. Kxh5 Ne6 35. Kg4 Nc5 36. Ne3 Nd3 37. b4 Nc1 38. a4 Na2 39. Nd1 d4 40. cxd4
Nxb4 41. Nc3 Nc2 42. Ne2 a5 43. Kf5 b5 44. Ke4 bxa4 45. Kd3 0-1

[Event "3rd Memory of Nebesna Sotnya-2016 B"]
[Site "Lutsk, Volyn region"]
[Date "2016.02.19"]
[Round "5.6"]
[White "Omelja, Artem"]
[Black "Bogatyrev, Sergey"]
[Result "1-0"]
[WhiteElo "2433"]
[BlackElo "2300"]
[PlyCount "62"]
[EventDate "2016.02.19"]
[EventType "swiss (blitz)"]
[EventRounds "22"]
[EventCountry "UKR"]

1. d4 Nf6 2. c4 e6 3. Nc3 d5 4. Nf3 Be7 5. Bf4 O-O 6. e3 c5 7. dxc5 Bxc5 8. Qc2
Qa5 9. Nd2 Bb4 10. Nb3 Qb6 11. a3 Bxc3+ 12. Qxc3 Ne4 13. Qc2 Nc6 14. Bd3 e5 15.
cxd5 Nxf2 16. Kxf2 exf4 17. dxc6 Qxe3+ 18. Kf1 bxc6 19. Re1 Qb6 20. Nc5 Rb8 21.
b4 a5 22. Re4 axb4 23. axb4 Ra8 24. Kf2 Be6 25. Rb1 Ra2 26. Rb2 Rxb2 27. Qxb2
Bf5 28. Rd4 Bxd3 29. Rxd3 Rb8 30. Qd2 h6 31. Qxf4 Ra8 1-0

[Event "3rd Memory of Nebesna Sotnya-2016 B"]
[Site "Lutsk, Volyn region"]
[Date "2016.02.19"]
[Round "5.7"]
[White "Bargan, Sergiu"]
[Black "Mirzoev, Emil"]
[Result "0-1"]
[WhiteElo "2290"]
[BlackElo "2432"]
[PlyCount "126"]
[EventDate "2016.02.19"]
[EventType "swiss (blitz)"]
[EventRounds "22"]
[EventCountry "UKR"]

1. d4 Nf6 2. c4 d6 3. Nc3 Bf5 4. Nf3 g6 5. g3 Bg7 6. Bg2 O-O 7. O-O Nc6 8. b3
Qc8 9. Re1 Ne4 10. Bb2 Nxc3 11. Bxc3 Be4 12. Qd2 e5 13. dxe5 dxe5 14. Qe3 Bxf3
15. exf3 Nd4 16. Rac1 Qf5 17. Qe4 Qxe4 18. fxe4 Rfd8 19. Rcd1 Ne2+ 20. Rxe2
Rxd1+ 21. Bf1 Rad8 22. Kg2 c6 23. f3 f6 24. f4 Bf8 25. fxe5 fxe5 26. Bxe5 R1d2
27. Bf4 Rxe2+ 28. Bxe2 Bb4 29. Kf2 Kf7 30. h4 a5 31. h5 a4 32. bxa4 Bc3 33.
hxg6+ hxg6 34. Bg5 Ra8 35. Bd1 Be5 36. Be3 Rh8 37. Kg2 Kf6 38. c5 Rd8 39. Bc2
Bd4 40. e5+ Bxe5 41. Kf3 Bd4 42. Bf4 Bxc5 43. Kg4 Rd4 44. Bb3 Bd6 45. Kf3 Bxf4
46. gxf4 Rd2 47. Ke3 Rh2 48. Ke4 Rd2 49. Ke3 Rd8 50. Kf3 c5 51. Ke4 Rd4+ 52.
Ke3 Rb4 53. Bd5 Rxa4 54. Bxb7 Rxa2 55. Bc6 c4 56. Kd4 Rd2+ 57. Ke3 c3 58. Be4
Rd6 59. Bc2 Rd8 60. Bb1 Rd1 61. Bc2 Rc1 62. Kd3 Rxc2 63. Kxc2 Kf5 0-1

[Event "3rd Memory of Nebesna Sotnya-2016 B"]
[Site "Lutsk, Volyn region"]
[Date "2016.02.19"]
[Round "5.8"]
[White "Reshetkov, Kirill"]
[Black "Grebeniuk, Semen"]
[Result "1-0"]
[WhiteElo "2428"]
[BlackElo "2266"]
[PlyCount "107"]
[EventDate "2016.02.19"]
[EventType "swiss (blitz)"]
[EventRounds "22"]
[EventCountry "UKR"]

1. d4 Nf6 2. Nf3 e6 3. Bf4 Bd6 4. Bxd6 cxd6 5. c4 O-O 6. Nc3 b6 7. d5 Bb7 8. e3
Qe7 9. Be2 Na6 10. Qd4 Rac8 11. O-O Nb4 12. Qd2 exd5 13. a3 Na6 14. cxd5 Nc5
15. Rad1 Nce4 16. Nxe4 Qxe4 17. Nd4 Bxd5 18. Bf3 Qe5 19. Bxd5 Qxd5 20. Rc1 h6
21. h3 a5 22. Qe2 Rfe8 23. Qa6 Rb8 24. Rfd1 Qg5 25. Nf3 Qf5 26. Rxd6 Ne4 27.
Rd4 Nc5 28. Qb5 a4 29. Rxa4 Qd3 30. Qxd3 Nxd3 31. Rc3 Nc5 32. Ra7 g6 33. b4 Ne4
34. Rcc7 Nf6 35. Nd4 Re5 36. Rcb7 Rxb7 37. Rxb7 Nd5 38. Rxd7 Nc3 39. g4 h5 40.
Rd6 hxg4 41. hxg4 b5 42. Rd8+ Kg7 43. Kg2 Rg5 44. Kf3 Re5 45. Rd7 Kf6 46. Rc7
Nb1 47. Rc6+ Kg7 48. Rc5 Re7 49. Nxb5 Nd2+ 50. Ke2 Ne4 51. Rc7 Re6 52. Nd4 Rd6
53. b5 Nc3+ 54. Rxc3 1-0

[Event "3rd Memory of Nebesna Sotnya-2016 B"]
[Site "Lutsk, Volyn region"]
[Date "2016.02.19"]
[Round "6.1"]
[White "Bortnyk, Mykola"]
[Black "Ianov, Viktor"]
[Result "1-0"]
[WhiteElo "2665"]
[BlackElo "2382"]
[PlyCount "47"]
[EventDate "2016.02.19"]
[EventType "swiss (blitz)"]
[EventRounds "22"]
[EventCountry "UKR"]

1. e4 d6 2. d4 g6 3. Nc3 Bg7 4. Be3 a6 5. h3 b5 6. g4 Bb7 7. Bg2 Nd7 8. Nge2 c5
9. O-O h5 10. gxh5 Rxh5 11. dxc5 Nxc5 12. Ng3 Rh8 13. a3 Nf6 14. Bxc5 dxc5 15.
e5 Bxg2 16. exf6 Bxf1 17. fxg7 Rg8 18. Qxf1 Rxg7 19. Qg2 Qc8 20. Nd5 Rb8 21.
Qe4 Qd8 22. Re1 Kf8 23. Nxe7 Qd7 24. Qh4 1-0

[Event "3rd Memory of Nebesna Sotnya-2016 B"]
[Site "Lutsk, Volyn region"]
[Date "2016.02.19"]
[Round "6.2"]
[White "Mikhalsky, Vladimir"]
[Black "Budnikov, Oleg"]
[Result "0-1"]
[WhiteElo "2363"]
[BlackElo "2509"]
[PlyCount "48"]
[EventDate "2016.02.19"]
[EventType "swiss (blitz)"]
[EventRounds "22"]
[EventCountry "UKR"]

1. c4 e5 2. Nc3 Nc6 3. g3 Bc5 4. Bg2 d6 5. e3 Be6 6. b3 Qd7 7. h3 Nge7 8. Nge2
d5 9. d4 exd4 10. exd4 Bb4 11. a3 Bxc3+ 12. Nxc3 Rd8 13. c5 O-O 14. Bg5 f6 15.
Bf4 Rfe8 16. g4 Ng6 17. Be3 Nh4 18. O-O Nxg2 19. Kxg2 h5 20. f3 hxg4 21. fxg4
Bxg4 22. Qxg4 Rxe3 23. Qxd7 Rxd7 24. Nb5 a6 0-1

[Event "3rd Memory of Nebesna Sotnya-2016 B"]
[Site "Lutsk, Volyn region"]
[Date "2016.02.19"]
[Round "6.3"]
[White "Reprintsev, Alexander"]
[Black "Klymchuk, Andriy"]
[Result "0-1"]
[WhiteElo "2356"]
[BlackElo "2468"]
[PlyCount "109"]
[EventDate "2016.02.19"]
[EventType "swiss (blitz)"]
[EventRounds "22"]
[EventCountry "UKR"]

1. Nc3 g6 2. h4 Nf6 3. e4 d6 4. d4 Bg7 5. Be2 c5 6. dxc5 Qa5 7. Qd3 Nc6 8. Bd2
Qxc5 9. Na4 Qd4 10. Qxd4 Nxd4 11. Bd3 Bd7 12. Nc3 Ng4 13. Nf3 Rc8 14. Nxd4 Bxd4
15. Nd1 Ne5 16. Be2 Rxc2 17. Bc3 Bxc3+ 18. bxc3 O-O 19. Rg1 Rc8 20. f4 Bg4 21.
Bf1 Bxd1 22. Kxd1 R8xc3 23. fxe5 dxe5 24. g4 Rh2 25. Rg2 Rxh4 26. Rc1 Rxc1+ 27.
Kxc1 Rh1 28. Rf2 h5 29. gxh5 Rxh5 30. Kd2 Rh4 31. Ke3 e6 32. Rc2 f5 33. exf5
exf5 34. Rc8+ Kg7 35. Rc7+ Kf6 36. Rxb7 Ra4 37. Rb2 Ra3+ 38. Kf2 e4 39. Bc4 g5
40. Bb3 a5 41. Rd2 a4 42. Rd6+ Ke5 43. Ra6 f4 44. Rxa4 Rxa4 45. Bxa4 e3+ 46.
Kf3 g4+ 47. Ke2 Kd4 48. Bc6 f3+ 49. Ke1 Kd3 50. Bb5+ Ke4 51. Bc6+ Kf4 52. a4 g3
53. Kf1 e2+ 54. Ke1 g2 55. Kf2 0-1

[Event "3rd Memory of Nebesna Sotnya-2016 B"]
[Site "Lutsk, Volyn region"]
[Date "2016.02.19"]
[Round "6.4"]
[White "Razin, Vadim"]
[Black "Soroka, Danylo"]
[Result "1-0"]
[WhiteElo "2461"]
[BlackElo "2356"]
[PlyCount "85"]
[EventDate "2016.02.19"]
[EventType "swiss (blitz)"]
[EventRounds "22"]
[EventCountry "UKR"]

1. d4 Nf6 2. Nf3 e6 3. Bg5 d5 4. e3 c5 5. c3 Nc6 6. Bd3 Bd6 7. O-O O-O 8. Nbd2
e5 9. dxc5 Bxc5 10. e4 dxe4 11. Nxe4 Be7 12. Bxf6 Bxf6 13. Qe2 Bg4 14. h3 Bh5
15. Ng3 Bg6 16. Bxg6 hxg6 17. Rad1 Qa5 18. a3 Rad8 19. Ne4 Be7 20. Neg5 Qa4 21.
Rxd8 Rxd8 22. b4 Qb3 23. Qe4 Qxc3 24. Qh4 Bxg5 25. Nxg5 Qd2 26. b5 Nd4 27. Qh7+
Kf8 28. Ne4 Ne2+ 29. Kh1 Qd4 30. Ng5 Qf4 31. Nf3 e4 32. Nh2 Nc3 33. Qh8+ Ke7
34. Qxg7 Qf6 35. Qh6 Rd5 36. Qe3 Nxb5 37. Ng4 Qf5 38. a4 Nd4 39. Qa3+ Rc5 40.
Rd1 Nc6 41. Ne3 Qe5 42. Rd5 Qc3 43. Qxc5+ 1-0

[Event "3rd Memory of Nebesna Sotnya-2016 B"]
[Site "Lutsk, Volyn region"]
[Date "2016.02.19"]
[Round "6.5"]
[White "Mikhaletz, Lubomir"]
[Black "Perelygin, Igor"]
[Result "1-0"]
[WhiteElo "2439"]
[BlackElo "2318"]
[PlyCount "67"]
[EventDate "2016.02.19"]
[EventType "swiss (blitz)"]
[EventRounds "22"]
[EventCountry "UKR"]

1. Nc3 c5 2. Nf3 e6 3. d4 cxd4 4. Nxd4 a6 5. g3 Nf6 6. Bg2 Qc7 7. Bg5 Be7 8.
Qd2 d6 9. O-O Bd7 10. a4 h6 11. Be3 Ng4 12. a5 Nxe3 13. Qxe3 Bc6 14. Nxc6 bxc6
15. Na4 Nd7 16. Qc3 O-O 17. Qxc6 Qxc6 18. Bxc6 Ra7 19. Nb6 Ne5 20. Bg2 d5 21.
Rfc1 Rc7 22. e3 Nc4 23. b3 Ne5 24. Bf1 Bc5 25. Bxa6 Rb8 26. Na4 Ba7 27. Be2 d4
28. exd4 Bxd4 29. c3 Ba7 30. b4 Rd7 31. b5 Rd2 32. Kf1 Rbd8 33. b6 Bb8 34. a6
1-0

[Event "3rd Memory of Nebesna Sotnya-2016 B"]
[Site "Lutsk, Volyn region"]
[Date "2016.02.19"]
[Round "6.6"]
[White "Bogatyrev, Sergey"]
[Black "Omelja, Artem"]
[Result "0-1"]
[WhiteElo "2300"]
[BlackElo "2433"]
[PlyCount "38"]
[EventDate "2016.02.19"]
[EventType "swiss (blitz)"]
[EventRounds "22"]
[EventCountry "UKR"]

1. d4 f5 2. g3 Nf6 3. Bg2 g6 4. c3 Bg7 5. Qb3 Na6 6. Nh3 c5 7. Nf4 e6 8. Nd2 d5
9. Qb5+ Qd7 10. Nxe6 Qxb5 11. Nxg7+ Kf7 12. a4 Qd7 13. Nf3 Kxg7 14. Bf4 h6 15.
Be5 Qe6 16. O-O-O Re8 17. h4 Kf7 18. Bh3 Ng4 19. Bxg4 fxg4 0-1

[Event "3rd Memory of Nebesna Sotnya-2016 B"]
[Site "Lutsk, Volyn region"]
[Date "2016.02.19"]
[Round "6.7"]
[White "Mirzoev, Emil"]
[Black "Bargan, Sergiu"]
[Result "0-1"]
[WhiteElo "2432"]
[BlackElo "2290"]
[PlyCount "104"]
[EventDate "2016.02.19"]
[EventType "swiss (blitz)"]
[EventRounds "22"]
[EventCountry "UKR"]

1. d4 Nf6 2. c4 c5 3. dxc5 Na6 4. Nc3 Nxc5 5. g3 g6 6. Bg2 Bg7 7. Nh3 O-O 8.
O-O Rb8 9. Nf4 a6 10. a4 a5 11. e4 d6 12. Re1 Ra8 13. Qc2 Na6 14. Qe2 Nb4 15.
Nfd5 Be6 16. Bd2 Nc2 17. Nb5 Nxa1 18. Rxa1 Bxd5 19. exd5 Nd7 20. Re1 Re8 21.
Bg5 Bf6 22. Bh6 Nc5 23. Qc2 Ra6 24. h4 Rb6 25. Bh3 e5 26. dxe6 Nxe6 27. Rd1 Nc7
28. Bg2 d5 29. Bxd5 Nxd5 30. cxd5 Qd7 31. b3 Ra6 32. Qd2 Raa8 33. Qf4 Be5 34.
Qd2 b6 35. Be3 Rab8 36. h5 gxh5 37. Bh6 Qg4 38. Qd3 Rbd8 39. d6 Re6 40. Re1
Bxg3 41. Rxe6 Bxd6+ 42. Kf1 Qxe6 43. Be3 Qh3+ 44. Ke2 Qg4+ 45. Kf1 Bc7 46. Bd4
Be5 47. f3 Qh3+ 48. Ke2 Bxd4 49. Nxd4 Qg2+ 50. Ke3 Re8+ 51. Kf4 h6 52. Qf5 Qd2+
0-1

[Event "3rd Memory of Nebesna Sotnya-2016 B"]
[Site "Lutsk, Volyn region"]
[Date "2016.02.19"]
[Round "6.8"]
[White "Grebeniuk, Semen"]
[Black "Reshetkov, Kirill"]
[Result "0-1"]
[WhiteElo "2266"]
[BlackElo "2428"]
[PlyCount "72"]
[EventDate "2016.02.19"]
[EventType "swiss (blitz)"]
[EventRounds "22"]
[EventCountry "UKR"]

1. d4 c5 2. d5 Nf6 3. Nc3 Qa5 4. Bd2 b5 5. a3 Qb6 6. e4 b4 7. axb4 cxb4 8. Na4
Qb7 9. Bd3 d6 10. Nf3 g6 11. O-O Bg7 12. h3 O-O 13. Qe2 a5 14. Be3 Nbd7 15. Nd4
Ne5 16. Bb5 e6 17. f4 Nxe4 18. fxe5 Ng3 19. Qd3 Nxf1 20. Rxf1 dxe5 21. Bc6 Qb8
22. Nb3 Ba6 23. Qe4 f5 24. Qh4 Bxf1 25. Bxa8 Qxa8 26. Kxf1 Qxd5 27. Qe1 e4 28.
Qd2 Qb5+ 29. Qe2 Qxa4 30. Qc4 Qd7 31. Nc5 Qd5 32. Qa6 f4 33. Bf2 e3 34. Be1
Qxc5 35. Qxe6+ Kh8 36. Qg8+ Kxg8 0-1

[Event "3rd Memory of Nebesna Sotnya-2016 B"]
[Site "Lutsk, Volyn region"]
[Date "2016.02.19"]
[Round "7.1"]
[White "Bortnyk, Mykola"]
[Black "Omelja, Artem"]
[Result "1/2-1/2"]
[WhiteElo "2665"]
[BlackElo "2433"]
[PlyCount "112"]
[EventDate "2016.02.19"]
[EventType "swiss (blitz)"]
[EventRounds "22"]
[EventCountry "UKR"]

1. e4 e6 2. d4 d5 3. exd5 exd5 4. Bd3 c5 5. dxc5 Bxc5 6. Nf3 Nf6 7. O-O O-O 8.
h3 Nc6 9. a3 Ne4 10. b4 Bb6 11. Bb2 Bf5 12. b5 Na5 13. Nd4 Bg6 14. Nd2 Nxd2 15.
Qxd2 Nc4 16. Bxc4 dxc4 17. Rad1 Re8 18. Qc3 Qg5 19. Nf3 Qf6 20. Qb4 Qf4 21. a4
Rad8 22. a5 Bc7 23. Rxd8 Rxd8 24. Qc3 f6 25. g3 Qe4 26. Re1 Qxc2 27. Re7 Rd1+
28. Kg2 Qxc3 29. Bxc3 Bd6 30. Re3 Bc5 31. Re2 Bd3 32. Re8+ Kf7 33. Rc8 Bd6 34.
Nd2 Be5 35. Bxe5 fxe5 36. Nxc4 Ke6 37. Ne3 Rb1 38. b6 axb6 39. axb6 Rxb6 40.
Rc7 Rb2 41. Rxg7 Be4+ 42. Kf1 b5 43. Rg8 b4 44. Re8+ Kf6 45. f3 Bd3+ 46. Kg1
Re2 47. Nd5+ Kf7 48. Re7+ Kf8 49. Rb7 e4 50. fxe4 Bxe4 51. Rb8+ Kf7 52. Nxb4
Rg2+ 53. Kf1 Rb2 54. Nc6 Bg2+ 55. Kg1 Rxb8 56. Nxb8 Bxh3 1/2-1/2

[Event "3rd Memory of Nebesna Sotnya-2016 B"]
[Site "Lutsk, Volyn region"]
[Date "2016.02.19"]
[Round "7.2"]
[White "Razin, Vadim"]
[Black "Reshetkov, Kirill"]
[Result "1-0"]
[WhiteElo "2461"]
[BlackElo "2428"]
[PlyCount "91"]
[EventDate "2016.02.19"]
[EventType "swiss (blitz)"]
[EventRounds "22"]
[EventCountry "UKR"]

1. d4 Nf6 2. Nf3 d6 3. Bg5 Ne4 4. Bf4 c5 5. c3 Qb6 6. Nbd2 Nxd2 7. Qxd2 Bf5 8.
e3 Nc6 9. Be2 g6 10. d5 Nb8 11. Nh4 Bc8 12. e4 h6 13. Be3 g5 14. Nf5 Bxf5 15.
exf5 Bg7 16. O-O Nd7 17. Rab1 Qc7 18. b4 c4 19. Bd4 Bxd4 20. Qxd4 Ne5 21. f4
gxf4 22. f6 Rg8 23. Qxf4 Rg6 24. fxe7 Qxe7 25. Bxc4 Rg4 26. Bb5+ Kd8 27. Qxh6
Kc7 28. Qf6 Qxf6 29. Rxf6 a5 30. a4 Rh8 31. bxa5 Rgh4 32. h3 Rg8 33. a6 Rxh3
34. axb7 Rhg3 35. Bf1 Rxc3 36. a5 Nf3+ 37. Rxf3 Rxf3 38. b8=Q+ Rxb8 39. Rc1+
Kd8 40. gxf3 Rb3 41. a6 Ra3 42. Rc6 Kd7 43. Bb5 Ke7 44. Rc7+ Kf6 45. a7 Ke5 46.
Bc6 1-0

[Event "3rd Memory of Nebesna Sotnya-2016 B"]
[Site "Lutsk, Volyn region"]
[Date "2016.02.19"]
[Round "7.3"]
[White "Grekh, Andrey"]
[Black "Mikhaletz, Lubomir"]
[Result "0-1"]
[WhiteElo "2421"]
[BlackElo "2439"]
[PlyCount "134"]
[EventDate "2016.02.19"]
[EventType "swiss (blitz)"]
[EventRounds "22"]
[EventCountry "UKR"]

1. e4 Nc6 2. Nf3 d6 3. d4 Nf6 4. Nc3 Bg4 5. Be2 e6 6. h3 Bh5 7. O-O Be7 8. Be3
d5 9. exd5 exd5 10. Ne5 Bxe2 11. Qxe2 O-O 12. Nxc6 bxc6 13. Qf3 Re8 14. Rfe1
Bb4 15. Bg5 Qd6 16. Bxf6 Qxf6 17. Qxf6 gxf6 18. Kf1 Kf8 19. Rxe8+ Rxe8 20. Ne2
Bd6 21. c3 a5 22. Nc1 c5 23. Nb3 cxd4 24. Nxd4 Rb8 25. b3 a4 26. Rb1 c5 27. Nf3
Be5 28. Nxe5 fxe5 29. Ke2 Ke7 30. g4 f5 31. gxf5 Kf6 32. Rd1 d4 33. cxd4 cxd4
34. f4 Kxf5 35. fxe5 Kxe5 36. bxa4 Ra8 37. Rg1 Rxa4 38. Rg5+ Ke4 39. Rg4+ Kd5
40. Rh4 Rxa2+ 41. Kd3 Ra3+ 42. Kd2 Kc4 43. Rxh7 Ra2+ 44. Kc1 Kd3 45. h4 Ra1+
46. Kb2 Rh1 47. h5 Kd2 48. h6 d3 49. Rh8 Kd1 50. h7 d2 51. Kb3 Rh3+ 52. Kb2 Rh6
53. Kb3 Rb6+ 54. Kc3 Kc1 55. Rd8 Rc6+ 56. Kb3 Rh6 57. Rc8+ Kb1 58. Rd8 Rh3+ 59.
Kb4 Kc2 60. Rc8+ Kb2 61. Rd8 Rh4+ 62. Kb5 Kc3 63. Rc8+ Kb3 64. Rd8 Rh5+ 65. Kb6
Kc3 66. Rc8+ Kb4 67. Rd8 Rh6+ 0-1

[Event "3rd Memory of Nebesna Sotnya-2016 B"]
[Site "Lutsk, Volyn region"]
[Date "2016.02.19"]
[Round "7.4"]
[White "Onischuk, Vladimir"]
[Black "Budnikov, Oleg"]
[Result "1-0"]
[WhiteElo "2728"]
[BlackElo "2509"]
[PlyCount "77"]
[EventDate "2016.02.19"]
[EventType "swiss (blitz)"]
[EventRounds "22"]
[EventCountry "UKR"]

1. e4 c5 2. Nf3 d6 3. d4 cxd4 4. Nxd4 Nf6 5. Nc3 Nc6 6. g3 g6 7. Bg2 Nxd4 8.
Qxd4 Bg7 9. e5 Nd7 10. Qa4 dxe5 11. Be3 O-O 12. O-O-O e6 13. h4 Qe7 14. h5 f5
15. hxg6 hxg6 16. Nb5 Nf6 17. Qh4 Bd7 18. Nd6 Bc6 19. Bxc6 bxc6 20. Bc5 Rab8
21. Qg5 Rb5 22. Ba3 Qc7 23. Nxb5 cxb5 24. Bxf8 Kxf8 25. Qxg6 e4 26. Rd4 Nd5 27.
Rh7 Qe5 28. Qxg7+ Qxg7 29. Rxg7 Kxg7 30. c4 bxc4 31. Rxc4 Kf6 32. Ra4 e3 33.
fxe3 Nxe3 34. Rxa7 Nf1 35. Ra3 e5 36. Kd1 e4 37. Ke2 Nh2 38. Rb3 Ng4 39. a4 1-0

[Event "3rd Memory of Nebesna Sotnya-2016 B"]
[Site "Lutsk, Volyn region"]
[Date "2016.02.19"]
[Round "7.5"]
[White "Rakhmangulov, Andrei"]
[Black "Kuzubov, Yuriy"]
[Result "0-1"]
[WhiteElo "2402"]
[BlackElo "2712"]
[PlyCount "154"]
[EventDate "2016.02.19"]
[EventType "swiss (blitz)"]
[EventRounds "22"]
[EventCountry "UKR"]

1. d4 Nf6 2. Nf3 g6 3. c3 Bg7 4. h3 O-O 5. Bf4 d6 6. e3 Nbd7 7. Bc4 Qe8 8. O-O
e5 9. Bh2 c6 10. a4 e4 11. Nfd2 Qe7 12. Be2 Re8 13. Nc4 d5 14. Nd6 Rd8 15. c4
Nf8 16. Nxc8 Raxc8 17. c5 h5 18. b4 Ne6 19. b5 b6 20. cxb6 axb6 21. bxc6 Rxc6
22. Bb5 Rcc8 23. Qb3 Bf8 24. Na3 Qb4 25. Rfb1 Qa5 26. Rc1 Rxc1+ 27. Rxc1 Qd2
28. Rd1 Qa5 29. Be5 Ne8 30. Rc1 Nd6 31. Bf1 Nf5 32. Nb5 Bg7 33. Bxg7 Kxg7 34.
Qc2 Ra8 35. Qc6 Rd8 36. Nc7 Nxc7 37. Qxc7 Rd6 38. Bb5 Qd2 39. Qc2 Qb4 40. Qc3
Qxc3 41. Rxc3 Rd8 42. Rc6 Rb8 43. Rc7 Kf6 44. Ra7 Ne7 45. Rc7 Ke6 46. Rc3 Kd6
47. Rc2 Rc8 48. Rxc8 Nxc8 49. Be8 Ke6 50. Kf1 Nd6 51. Bc6 h4 52. Ke2 g5 53. Kd2
f5 54. Ke2 Nc4 55. Bb7 f4 56. Bc6 fxe3 57. fxe3 Kd6 58. Bb5 Na5 59. Kf2 Nb7 60.
Ke2 Nd8 61. Kf2 Nf7 62. Ke2 Nh6 63. Kf2 g4 64. Be2 gxh3 65. gxh3 Nf7 66. Bg4
Kc6 67. Ke2 Nd6 68. Kf2 Nc4 69. Be2 b5 70. axb5+ Kxb5 71. Bh5 Kb4 72. Bf7 Nb6
73. Ke2 Kc3 74. Be6 Kc2 75. Bf7 Na4 76. Bh5 Nc3+ 77. Kf2 Kd2 0-1

[Event "3rd Memory of Nebesna Sotnya-2016 B"]
[Site "Lutsk, Volyn region"]
[Date "2016.02.19"]
[Round "7.6"]
[White "Klymchuk, Andriy"]
[Black "Babiy, Igor"]
[Result "1-0"]
[WhiteElo "2468"]
[BlackElo "2244"]
[PlyCount "41"]
[EventDate "2016.02.19"]
[EventType "swiss (blitz)"]
[EventRounds "22"]
[EventCountry "UKR"]

1. g3 d5 2. Bg2 Nf6 3. Nf3 Bf5 4. O-O e6 5. c4 c6 6. cxd5 cxd5 7. Qb3 Qb6 8.
Qxb6 axb6 9. d3 Nc6 10. Nc3 h6 11. a3 g5 12. Nb5 Kd7 13. Bd2 Bg7 14. Rac1 Ne8
15. Bc3 Bxc3 16. Rxc3 Ra5 17. Nbd4 Nd6 18. Rfc1 Rc8 19. Nxc6 Rxc6 20. Ne5+ Ke7
21. Rxc6 1-0

[Event "3rd Memory of Nebesna Sotnya-2016 B"]
[Site "Lutsk, Volyn region"]
[Date "2016.02.19"]
[Round "7.7"]
[White "Bogdanovich, Stanislav"]
[Black "Voitovich, Vladislav"]
[Result "1-0"]
[WhiteElo "2727"]
[BlackElo "2268"]
[PlyCount "40"]
[EventDate "2016.02.19"]
[EventType "swiss (blitz)"]
[EventRounds "22"]
[EventCountry "UKR"]

1. d4 Nf6 2. c4 e6 3. Nf3 Bb4+ 4. Bd2 Bxd2+ 5. Nbxd2 d5 6. g3 O-O 7. Bg2 c6 8.
O-O Nbd7 9. Qc2 Qe7 10. e4 dxc4 11. Nxc4 c5 12. e5 Nd5 13. Rfd1 b6 14. dxc5
Nxc5 15. Nd6 Ba6 16. Nd4 Nb7 17. Nc6 Qc7 18. Bxd5 exd5 19. Rxd5 Na5 20. Rc1
Rac8 1-0

[Event "3rd Memory of Nebesna Sotnya-2016 B"]
[Site "Lutsk, Volyn region"]
[Date "2016.02.19"]
[Round "7.8"]
[White "Mirzoev, Emil"]
[Black "Yanichkin, Artur"]
[Result "1-0"]
[WhiteElo "2432"]
[BlackElo "2261"]
[PlyCount "96"]
[EventDate "2016.02.19"]
[EventType "swiss (blitz)"]
[EventRounds "22"]
[EventCountry "UKR"]

1. d4 d5 2. Nc3 Nf6 3. Bf4 e6 4. e3 Bd6 5. Nf3 O-O 6. Bd3 c5 7. dxc5 Bxf4 8.
exf4 Qc7 9. Ne2 Qxc5 10. O-O Nc6 11. c3 b5 12. a3 a5 13. Ned4 Nxd4 14. cxd4 Qd6
15. Ne5 Rb8 16. Qe2 b4 17. axb4 Rxb4 18. Rxa5 Rxd4 19. g3 Nd7 20. Nf3 Rb4 21.
Rc1 Bb7 22. Rc2 Qb6 23. Ra1 Nc5 24. Ne5 Nxd3 25. Nxd3 Rb5 26. b4 d4 27. Rc5
Rxc5 28. bxc5 Qc6 29. f3 Qxf3 30. Qxf3 Bxf3 31. Ne5 Bd5 32. Nd7 Rd8 33. Nb6 h5
34. Rd1 Bf3 35. Rd2 d3 36. Kf2 Be4 37. Ke3 f5 38. Rb2 Rd5 39. Nxd5 exd5 40. Kd4
Kf7 41. c6 Ke7 42. Kc5 d4 43. Rb7+ Ke6 44. Rd7 g5 45. Rxd4 gxf4 46. gxf4 Ke7
47. c7 Bb7 48. Rxd3 Ke6 1-0

[Event "3rd Memory of Nebesna Sotnya-2016 B"]
[Site "Lutsk, Volyn region"]
[Date "2016.02.19"]
[Round "8.1"]
[White "Omelja, Artem"]
[Black "Bortnyk, Mykola"]
[Result "0-1"]
[WhiteElo "2433"]
[BlackElo "2665"]
[PlyCount "75"]
[EventDate "2016.02.19"]
[EventType "swiss (blitz)"]
[EventRounds "22"]
[EventCountry "UKR"]

1. d4 Nf6 2. c4 e6 3. Nc3 b6 4. a3 Bb7 5. d5 exd5 6. cxd5 Bd6 7. Nf3 O-O 8. g3
c6 9. Bg2 cxd5 10. O-O Re8 11. Bg5 Na6 12. Nd4 Nc7 13. Rc1 h6 14. Nf5 Bf8 15.
Bf4 d6 16. Be3 Qd7 17. Bh3 Ne6 18. Bd4 Ne4 19. Ne3 Rac8 20. Nexd5 Nxc3 21. Bxc3
Rc5 22. e4 Qb5 23. Bg2 Rec8 24. a4 Qe8 25. Qd2 Rc4 26. b3 R4c6 27. Rfe1 Nc5 28.
Qd1 Qe6 29. b4 Nd7 30. Qd2 Ne5 31. Bxe5 dxe5 32. h4 Rc4 33. Rxc4 Rxc4 34. Rb1
Rd4 35. Qc3 Qg6 36. Rb2 Rxe4 37. Bxe4 Qxe4 38. Qb3 0-1

[Event "3rd Memory of Nebesna Sotnya-2016 B"]
[Site "Lutsk, Volyn region"]
[Date "2016.02.19"]
[Round "8.2"]
[White "Reshetkov, Kirill"]
[Black "Razin, Vadim"]
[Result "0-1"]
[WhiteElo "2428"]
[BlackElo "2461"]
[PlyCount "158"]
[EventDate "2016.02.19"]
[EventType "swiss (blitz)"]
[EventRounds "22"]
[EventCountry "UKR"]

1. d4 d5 2. c4 Nc6 3. Nc3 e5 4. cxd5 Nxd4 5. e3 Nf5 6. Bb5+ Bd7 7. Qa4 Nf6 8.
Nf3 Bd6 9. e4 Ne7 10. Bg5 a6 11. Bxd7+ Nxd7 12. O-O O-O 13. Rac1 f6 14. Be3 Ng6
15. Qb3 b6 16. Ne2 Nc5 17. Qc2 a5 18. Ng3 Qd7 19. Qc4 Kh8 20. h3 Ne7 21. Rfd1
g6 22. Ne2 Rae8 23. Nc3 Ng8 24. a3 f5 25. b4 axb4 26. axb4 Nxe4 27. Nxe4 fxe4
28. Qxe4 Qf5 29. Qc4 Nf6 30. Qh4 Qe4 31. Bg5 Qxh4 32. Bxh4 Nd7 33. Rc4 Ra8 34.
Ng5 Rf4 35. Rxf4 exf4 36. Nf7+ Kg7 37. Nxd6 cxd6 38. Be7 Nf6 39. Bxd6 g5 40. h4
h6 41. hxg5 hxg5 42. Bc7 Nd7 43. d6 Kf7 44. Re1 Re8 45. Ra1 Re4 46. Rb1 b5 47.
f3 Re2 48. Rd1 Ke6 49. Ra1 Ne5 50. Ra8 Re1+ 51. Kh2 Re2 52. Kh3 Re3 53. Re8+
Kd7 54. Re7+ Kc8 55. Kh2 Re2 56. Kg1 Re1+ 57. Kh2 Re2 58. Kh3 Re1 59. Re8+ Kd7
60. Re7+ Kc6 61. Kh2 Re2 62. Kh3 Re3 63. Rxe5 Rxe5 64. Kg4 Kd7 65. Kh5 Rd5 66.
Kg6 Ke6 67. Kh6 Rd4 68. Kxg5 Rxb4 69. d7 Kxd7 70. Bxf4 Ke6 71. g4 Rb3 72. Bd2
Rxf3 73. Bb4 Rb3 74. Bc5 Rc3 75. Bb4 Rc4 76. Bf8 b4 77. Kh5 b3 78. Bg7 Rc2 79.
g5 b2 0-1